Taru Sormusten herrasta -visa suomeksi - Statistics

Yleistilastot
  • Tätä visaa on pelattu 152 kertaa
  • Keskiarvotulos 10 / 24
Vastaustilastot
Hint Vastaus % Oikein
Mikä on hobittien maan nimi? Kontu
90%
Montako jäsentä Sormuksen Saattueeseen kuuluu? 9
85%
Kuka haltia kuuluu Sormuksen Saattueeseen? Legolas
80%
Kuka kääpiö kuuluu Sormuksen saattueeseen? Gimli
74%
Minkä niminen on Bilbo Reppulin koti? Repunpää
70%
Minkä majatalon isäntä Viljami Voivalvatti on? Pomppiva Poni
68%
Missä Elrond asuu? Rivendell
61%
Missä kylässä hobitit kohtaavat Konkarin? Brii
59%
Miksi kutsutaan erityistä hopeaa, josta Frodon panssaripaita on tehty? mithril
48%
Kuka on Aragornin isä? Arathorn
46%
Millä nimellä Gandalf tunnetaan Gondorissa ja haltioiden keskuudessa? Mithrandir
43%
Mikä on Gandalfin rohanilaisen hevosen nimi? Hallavaharja
38%
Kuka on Boromirin isä? Denethor
34%
Mikä on Kärmekielen oikea nimi? Gríma
31%
Mikä torni kohoaa Rautapihan keskellä? Orthanc
27%
Kuka on Galadrielin puoliso? Celeborn
24%
Missä hobitit kohtaavat haudanhaamut? Hautakerot
22%
Kuka on Tom Bombadilin vaimo? Kultamarja
22%
Kuka on Frodon isä? Drogo
19%
Kuka muinaissankari toi rohanilaiset Rohaniin? Eorl nuori
15%
Mikä merirosvokaupunki sijaitsee Gondorista etelään? Umbar
15%
Mikä on Tuomiovuoren vanha nimi? Orodruin
14%
Mikä on Samin isän etunimi? Hamfast
9%
Kuka on Bergilin isä? Beregond
7%
Ehtoja vastaavia visoja ei löytynyt
Tulosjakauma
Jokaisen tuloksen saaneiden osuus
Persentiili vastausten määrän mukaan
Tuloshistoriasi
Et ole pelannut tätä visaa